Statistics for Girls Talk Boys - 5 Seconds of Summer (All Lyrics)

Click here to take the quiz!

General Stats

  • This quiz has been taken 260 times
  • The average score is 332 of 361

Answer Stats

GTB% Correct
girls
100%
Talk
100%
talk
100%
The
100%
the
100%
Intro | Verse 1 | Verse 2When
100%
when
100%
boys
99%
a
97%
you?
97%
you
97%
I
96%
me?
96%
me
96%
Oh
96%
to
96%
your
96%
about
95%
Do
95%
i'm
95%
That
95%
that
95%
love
94%
my
94%
say
94%
talking
94%
tell
94%
friends
92%
sweetheart?
92%
way
92%
freak?
91%
no
91%
them
91%
you're
91%
been
90%
Chorus | Pre-ChorusCause
90%
truth?
90%
and
89%
And
89%
lies?
89%
lovin'
89%
So
89%
breath
88%
don't
88%
away
87%
take
87%
understand
87%
white
87%
know
86%
we
86%
else
85%
like
85%
one
85%
something
85%
It's
84%
people
84%
change
83%
we're
83%
young
83%
every
82%
For
82%
Kissing
82%
myself
82%
never
82%
same
82%
touching
82%
what
82%
than
81%
bigger
80%
I've
80%
night
79%
Falling
77%
falling
77%
find
77%
fell
76%
baby
74%
em
74%
em'
74%
ourselves
74%
feel
73%
lover?
73%
may
73%
until
73%
hear
72%
all
70%
need?
70%
loving
67%
can
64%
hey
53%

Score Distribution

Percentile by Number Answered

Percent of People with Each Score

Your Score History

You have not taken this quiz